| 000 | 00321nam a2200121Ia 4500 | ||
|---|---|---|---|
| 005 | 20251222141757.0 | ||
| 008 | 251222s9999||||xx |||||||||||||| ||spa|| | ||
| 020 | _a84-220-0010-5 | ||
| 082 | _a262.52/D8 | ||
| 245 | 0 | _a"Documentos del Vaticano II: Constituciones, decretos, declaraciones" | |
| 250 | _a32a.ed. | ||
| 942 | _cLIB | ||
| 999 |
_c6024 _d6024 |
||